000 00877nam a2200205Ia 4500
999 _c38158
_d38158
001 4148
003 GE_BSU
005 20190923122941.0
008 181216s1951||||ge |||||||||||||| ||geo||
040 _cGE_BSU
041 _ageo
080 _a39(479.22) მ–36
245 _aმასალები საქართველოს ეთნოგრაფიისათვის :
_cრედ. გ. ჩიტაია.
264 _aთბილისი :
_bსაქ. სსრ. მეცნ. აკად. გამ–ბა,
_c1951.
300 _a89 გვ. ;
_b24 სმ.
653 _aეთნოგრაფია
700 _aჩიტაია, გ.
_eრედაქტორი
_94231
710 _aსაქ. სსრ მეცნ. აკად., ივ. ჯავახიშვილის სახ. ისტ. ინ-ტი.
_94103
942 _cBK
_2udc